<?xml version="1.0" encoding="UTF-8"?><?xml-stylesheet type="text/xsl" href="static/style.xsl"?><OAI-PMH xmlns="http://www.openarchives.org/OAI/2.0/" xmlns:xsi="http://www.w3.org/2001/XMLSchema-instance" xsi:schemaLocation="http://www.openarchives.org/OAI/2.0/ http://www.openarchives.org/OAI/2.0/OAI-PMH.xsd"><responseDate>2026-06-05T12:17:38Z</responseDate><request verb="GetRecord" identifier="oai:riuma.uma.es:10630/8614" metadataPrefix="marc">https://riuma.uma.es/rest/oai/request</request><GetRecord><record><header><identifier>oai:riuma.uma.es:10630/8614</identifier><datestamp>2026-02-03T11:13:47Z</datestamp><setSpec>com_10630_2254</setSpec><setSpec>col_10630_37953</setSpec></header><metadata><record xmlns="http://www.loc.gov/MARC21/slim" xmlns:dcterms="http://purl.org/dc/terms/" xmlns:doc="http://www.lyncode.com/xoai" xmlns:xsi="http://www.w3.org/2001/XMLSchema-instance" xsi:schemaLocation="http://www.loc.gov/MARC21/slim http://www.loc.gov/standards/marcxml/schema/MARC21slim.xsd">
   <leader>00925njm 22002777a 4500</leader>
   <datafield ind2=" " ind1=" " tag="042">
      <subfield code="a">dc</subfield>
   </datafield>
   <datafield ind2=" " ind1=" " tag="720">
      <subfield code="a">Fernández-Carmona, Manuel</subfield>
      <subfield code="e">author</subfield>
   </datafield>
   <datafield ind2=" " ind1=" " tag="720">
      <subfield code="a">Urdiales-García, Amalia Cristina</subfield>
      <subfield code="e">author</subfield>
   </datafield>
   <datafield ind2=" " ind1=" " tag="720">
      <subfield code="a">Sandoval-Hernández, Francisco</subfield>
      <subfield code="e">author</subfield>
   </datafield>
   <datafield ind2=" " ind1=" " tag="260">
      <subfield code="c">2014-12-19</subfield>
   </datafield>
   <datafield ind2=" " ind1=" " tag="520">
      <subfield code="a">Mobility assistance for wheelchair navigation is typically based on the shared control paradigm. Traditionally, control swaps from user to machine depending either on a trigger mechanism or on a explicit user request. Alternatively, in collaborative control approaches both user and robot contribute to control at the same time. However, in this case it is necessary to decide how much impact the user has in the emergent command. User weight has been estimated based on his/her command efficiency or on the environment complexity. However, the user’s command efficiency may change abruptly, whereas the environment complexity depends on the user’s skills. In this work we propose a collaborative control approach where this weight is determined by the user’s ability to cope with the situation at hand with respect to an average person. This estimation relies on an standard navigation skill profile extracted from a large number of traces from real users. This approach has two major advantages: i) the user receives more assistance only when needed according to his/her own skills; and ii) we avoid an excess of assistance to prevent loss of residual skills. The proposed system has been tested with a group of people with disabilities. Tests prove that resulting efficiencies are similar to other collaborative  control approaches although the amount of assistance is reduced.</subfield>
   </datafield>
   <datafield ind1="8" ind2=" " tag="024">
      <subfield code="a">http://hdl.handle.net/10630/8614</subfield>
   </datafield>
   <datafield tag="653" ind2=" " ind1=" ">
      <subfield code="a">Robótica</subfield>
   </datafield>
   <datafield ind2="0" ind1="0" tag="245">
      <subfield code="a">Reactive adapted assistance for wheelchair navigation based on a standard skill profile</subfield>
   </datafield>
</record>
</metadata></record></GetRecord></OAI-PMH>